| 000 | 01035nam a22002537a 4500 | ||
|---|---|---|---|
| 005 | 20170124103059.0 | ||
| 010 | _aB-158107 | ||
| 020 |
_c200.00 _a8187775114 |
||
| 035 | _aB-158107 | ||
| 037 | _bCen Lib/Ret | ||
| 040 |
_aDPL _bHN |
||
| 082 |
_a920 _bविद्या |
||
| 100 |
_aविद्याप्रकाश _976116 |
||
| 245 |
_aदेश जिनका ऋणी है / _cविद्याप्रकाश |
||
| 246 |
_aDesh jinka rini hai / _bby vidyaprakash |
||
| 260 |
_aदिल्ली _bआकाशदीप पब्लिकेशन्स _c2005 |
||
| 270 |
_bदिल्ली _a1/1073-डी, महरौली _e110030 |
||
| 300 |
_a191पृ. : _c20सेमी(सजिल्द) _bसचित्र |
||
| 650 |
_aहिन्दी साहित्य _976117 |
||
| 650 |
_aहिन्दी -- जीवनियाँ _976118 |
||
| 650 |
_aHindi literature _976119 |
||
| 650 |
_aHindi - Biographies _976120 |
||
| 942 |
_2ddc _cHN _h920 _mविद्या |
||
| 999 |
_c117659 _d117659 |
||